[Event "Winnipeg TNT September"]
[Site "Winnipeg CAN"]
[Date "2011.09.20"]
[Round "3"]
[White "Melamedoff, Gustavo"]
[Black "Einarsson, Ken"]
[Result "1-0"]
[WhiteElo "2141"]
[BlackElo "1774"]
[PlyCount "59"]
[GameId "2160767909648837"]
[EventDate "2011.09.06"]
[EventType "swiss"]
[EventRounds "4"]
[EventCountry "CAN"]
[SourceTitle "EXT 2023"]
[Source "ChessBase"]
[SourceDate "2022.10.05"]
[SourceVersion "1"]
[SourceVersionDate "2022.10.05"]
[SourceQuality "1"]

1. e4 e5 2. Nf3 Nc6 3. Bb5 Bc5 4. O-O d6 5. c3 Bd7 6. Bxc6 Bxc6 7. d4 exd4 8. cxd4 Bb6 9. Nc3 Ne7 10. d5 Bd7 11. Na4 O-O 12. Nxb6 axb6 13. b3 Ng6 14. Bb2 Bg4 15. h3 Bxf3 16. Qxf3 f6 17. a4 Ne5 18. Qg3 Qe8 19. Bxe5 fxe5 20. f4 exf4 21. Rxf4 Rxf4 22. Qxf4 Qf8 23. Qc1 Qe7 24. Qc2 Re8 25. Rc1 Qxe4 26. Qxe4 Rxe4 27. Rxc7 Rb4 28. Rxb7 Rxb3 29. a5 Rb5 30. a6 1-0

[Event "Winnipeg TNT September"]
[Site "Winnipeg CAN"]
[Date "2011.09.20"]
[Round "3"]
[White "Milord, Frank"]
[Black "Le Dorze, Philippe"]
[Result "1-0"]
[WhiteElo "1627"]
[BlackElo "1627"]
[PlyCount "91"]
[GameId "2160767909648838"]
[EventDate "2011.09.06"]
[EventType "swiss"]
[EventRounds "4"]
[EventCountry "CAN"]
[SourceTitle "EXT 2023"]
[Source "ChessBase"]
[SourceDate "2022.10.05"]
[SourceVersion "1"]
[SourceVersionDate "2022.10.05"]
[SourceQuality "1"]

1. d4 d5 2. c4 e6 3. Nc3 Nf6 4. Nf3 b6 5. Bg5 Be7 6. cxd5 exd5 7. h3 Ba6 8. Qa4+ Qd7 9. Qxd7+ Nbxd7 10. Ne5 Bb4 11. Bxf6 Nxf6 12. f3 O-O 13. Kf2 Rfe8 14. g4 Bd6 15. f4 Ne4+ 16. Nxe4 dxe4 17. e3 Bxf1 18. Rhxf1 c5 19. Rfd1 cxd4 20. Rxd4 Bxe5 21. fxe5 Rxe5 22. Rad1 g6 23. Rc4 f5 24. g5 Rf8 25. Rc7 Rc5 26. Rxa7 Rc2+ 27. Kg3 Rf7 28. Ra8+ Kg7 29. Rdd8 Rfc7 30. Rg8+ Kf7 31. Raf8+ Ke6 32. Rf6+ Kd5 33. Rxb6 Re2 34. Rb3 Rcc2 35. Rd8+ Ke6 36. Rb6+ Ke7 37. Rdd6 Rxe3+ 38. Kf4 Rf3+ 39. Ke5 Rc5+ 40. Kd4 Rc7 41. Re6+ Kd7 42. Rbd6+ Kc8 43. Ke5 Rxh3 44. b4 Rd3 45. Rc6 Ra3 46. Re8+ 1-0

[Event "Winnipeg TNT September"]
[Site "Winnipeg CAN"]
[Date "2011.09.20"]
[Round "3"]
[White "Milward, David"]
[Black "Reimer, Bruce"]
[Result "0-1"]
[WhiteElo "1737"]
[BlackElo "1617"]
[PlyCount "52"]
[GameId "2160767909648839"]
[EventDate "2011.09.06"]
[EventType "swiss"]
[EventRounds "4"]
[EventCountry "CAN"]

1. e4 Nf6 2. e5 Nd5 3. d4 d6 4. c4 Nb6 5. exd6 cxd6 6. Nf3 Bg4 7. Be2 g6 8. O-O Bg7 9. h3 Bxf3 10. Bxf3 Nc6 11. Be3 O-O 12. Na3 e5 13. d5 e4 14. dxc6 exf3 15. cxb7 fxg2 16. Kxg2 Rb8 17. Rb1 Rxb7 18. b3 Rd7 19. Qf3 Nc8 20. Rbd1 Ne7 21. Bd4 Nf5 22. Qf4 Nxd4 23. Rxd4 Bxd4 24. Qxd4 Qg5+ 25. Kh2 Re8 26. Rd1 Qe5+ 0-1

[Event "Winnipeg TNT September"]
[Site "Winnipeg CAN"]
[Date "2011.09.20"]
[Round "3"]
[White "Wolchock, Theo"]
[Black "Pottinger, Carl"]
[Result "0-1"]
[WhiteElo "1660"]
[BlackElo "1916"]
[PlyCount "116"]
[GameId "2160767909648841"]
[EventDate "2011.09.06"]
[EventType "swiss"]
[EventRounds "4"]
[EventCountry "CAN"]
[SourceTitle "EXT 2023"]
[Source "ChessBase"]
[SourceDate "2022.10.05"]
[SourceVersion "1"]
[SourceVersionDate "2022.10.05"]
[SourceQuality "1"]

1. c4 c5 2. g3 g6 3. Bg2 Bg7 4. Nc3 Nc6 5. e3 e5 6. Nge2 Nge7 7. O-O O-O 8. b3 d6 9. Bb2 Be6 10. Nd5 Qd7 11. Re1 f5 12. d4 Bxd5 13. cxd5 Nb4 14. dxc5 dxc5 15. d6 Nc8 16. a3 Nc6 17. Qd5+ Kh8 18. Qxc5 Qxd6 19. Qxd6 Nxd6 20. Red1 Rfd8 21. Rac1 e4 22. Bxg7+ Kxg7 23. Nf4 Kf7 24. h4 Ne8 25. Bf1 Ne5 26. Bb5 Rxd1+ 27. Rxd1 Nc7 28. Bc4+ Ke7 29. Nd5+ Nxd5 30. Rxd5 Nxc4 31. bxc4 Rc8 32. Rd4 Rc6 33. a4 Rc5 34. Kf1 Ra5 35. c5 Rxc5 36. Rb4 b6 37. Ke2 Rc2+ 38. Ke1 Kd6 39. Rb3 Kc6 40. Ra3 a6 41. Rb3 b5 42. axb5+ axb5 43. Rb4 Kc5 44. Rb1 b4 45. Rb3 Kc4 46. Rb1 b3 47. Kf1 b2 48. Kg2 Kc3 49. Rxb2 Rxb2 50. Kf1 Kd2 51. Kg2 Ke2 52. Kg1 Kf3 53. Kh1 Rxf2 54. Kg1 Kxg3 55. h5 Re2 56. Kf1 Rxe3 57. hxg6 hxg6 58. Kg1 Re1# 0-1

[Event "Winnipeg TNT September"]
[Site "Winnipeg CAN"]
[Date "2011.09.27"]
[Round "4"]
[White "Afolabi, Damola"]
[Black "Evans, Brian"]
[Result "1-0"]
[WhiteElo "1544"]
[BlackElo "1554"]
[PlyCount "53"]
[GameId "2160767909648842"]
[EventDate "2011.09.06"]
[EventType "swiss"]
[EventRounds "4"]
[EventCountry "CAN"]
[SourceTitle "EXT 2023"]
[Source "ChessBase"]
[SourceDate "2022.10.05"]
[SourceVersion "1"]
[SourceVersionDate "2022.10.05"]
[SourceQuality "1"]

1. e4 c5 2. Nf3 d6 3. c3 Nf6 4. Be2 Nxe4 5. Qa4+ Bd7 6. Qxe4 Bc6 7. Qc2 g6 8. O-O Bg7 9. b3 O-O 10. Bb2 e5 11. c4 e4 12. Bxg7 Kxg7 13. Ne1 f5 14. Nc3 Qf6 15. Qb2 Nd7 16. f4 exf3 17. Bxf3 Ne5 18. Bxc6 bxc6 19. Nf3 Nd3 20. Qb1 Ne5 21. Nxe5 Qxe5 22. Qc2 Rae8 23. Qb2 Qd4+ 24. Kh1 Re2 25. Rad1 Rfe8 26. Qa1 Kh8 27. Nxe2 1-0

[Event "Winnipeg TNT September"]
[Site "Winnipeg CAN"]
[Date "2011.09.27"]
[Round "4"]
[White "Campbell, Gary"]
[Black "Lipic, Stephen"]
[Result "0-1"]
[WhiteElo "1729"]
[BlackElo "1847"]
[PlyCount "75"]
[GameId "2160767909648843"]
[EventDate "2011.09.06"]
[EventType "swiss"]
[EventRounds "4"]
[EventCountry "CAN"]
[SourceTitle "EXT 2023"]
[Source "ChessBase"]
[SourceDate "2022.10.05"]
[SourceVersion "1"]
[SourceVersionDate "2022.10.05"]
[SourceQuality "1"]

1. d4 d5 2. c4 e6 3. Nc3 c6 4. Nf3 f5 5. e3 Nf6 6. cxd5 exd5 7. Bd3 Bd6 8. Qc2 Ne4 9. O-O O-O 10. Nd2 Qh4 11. g3 Qh3 12. Ne2 Rf6 13. Nf4 Bxf4 14. exf4 Rh6 15. Nf3 Nd7 16. Re1 Ndf6 17. Bf1 Qh5 18. Nh4 Bd7 19. Be2 Qf7 20. f3 Rxh4 21. fxe4 Qg6 22. e5 Ne4 23. Bf3 Re8 24. Qg2 Rh6 25. Bxe4 fxe4 26. f5 Bxf5 27. Bxh6 Qxh6 28. g4 Bg6 29. Qg3 Qd2 30. Qc3 Qf4 31. h3 h5 32. Qe3 Qf7 33. Rf1 Qe7 34. g5 h4 35. Rf2 Bh5 36. Qf4 Qb4 37. Qxh4 Bf3 38. Rd2 0-1

[Event "Winnipeg TNT September"]
[Site "Winnipeg CAN"]
[Date "2011.09.27"]
[Round "4"]
[White "Czypinski, Jaroslaw"]
[Black "Schulz, Waldemar"]
[Result "1/2-1/2"]
[WhiteElo "1942"]
[BlackElo "2034"]
[PlyCount "116"]
[GameId "2160767909648844"]
[EventDate "2011.09.06"]
[EventType "swiss"]
[EventRounds "4"]
[EventCountry "CAN"]
[SourceTitle "EXT 2023"]
[Source "ChessBase"]
[SourceDate "2022.10.05"]
[SourceVersion "1"]
[SourceVersionDate "2022.10.05"]
[SourceQuality "1"]

1. e4 c5 2. d4 cxd4 3. c3 Nf6 4. e5 Nd5 5. Nf3 e6 6. cxd4 Nc6 7. a3 a6 8. Bc4 Nb6 9. Bd3 d5 10. O-O Bd7 11. Bg5 Be7 12. Bxe7 Qxe7 13. Nbd2 Rc8 14. Rc1 Qd8 15. Qe2 Na7 16. Nb3 Bb5 17. Rxc8 Nbxc8 18. Rc1 Nb6 19. Nc5 Qe7 20. Bxb5+ axb5 21. b3 O-O 22. Qb2 Rc8 23. Nd3 Rc7 24. Rxc7 Qxc7 25. Kf1 Nbc8 26. Ke2 Ne7 27. Nb4 h6 28. Kd2 Kf8 29. Qc3 Qxc3+ 30. Kxc3 Ke8 31. Ne1 Kd7 32. Ned3 b6 33. Nf4 g6 34. Ne2 Nf5 35. g3 Ng7 36. Kd3 Ne8 37. Nc3 f5 38. Ne2 g5 39. h4 Ng7 40. hxg5 hxg5 41. Ng1 g4 42. Ne2 Nh5 43. Ke3 Nc8 44. Nd3 Kc6 45. Nc3 Na7 46. Nb4+ Kd7 47. Nd3 Kc6 48. Nf4 Ng7 49. Kd3 Kd7 50. Ng6 Ke8 51. Ke3 Kf7 52. Nf4 Ne8 53. f3 gxf3 54. Kxf3 Nc7 55. Nfe2 Nc6 56. g4 fxg4+ 57. Kxg4 b4 58. axb4 Nxb4 1/2-1/2

[Event "Winnipeg TNT September"]
[Site "Winnipeg CAN"]
[Date "2011.09.27"]
[Round "4"]
[White "De Groot, Steven"]
[Black "Wolchock, Theo"]
[Result "1-0"]
[WhiteElo "1790"]
[BlackElo "1660"]
[PlyCount "105"]
[GameId "2160767909648845"]
[EventDate "2011.09.06"]
[EventType "swiss"]
[EventRounds "4"]
[EventCountry "CAN"]
[SourceTitle "EXT 2023"]
[Source "ChessBase"]
[SourceDate "2022.10.05"]
[SourceVersion "1"]
[SourceVersionDate "2022.10.05"]
[SourceQuality "1"]

1. c4 c5 2. Nc3 g6 3. g3 Bg7 4. Bg2 Nc6 5. e4 e6 6. Nge2 Nge7 7. O-O O-O 8. d3 b6 9. Be3 Bb7 10. a3 Rc8 11. Qd2 Nd4 12. Bxd4 cxd4 13. Nb5 d5 14. exd5 exd5 15. Nxa7 Ra8 16. Nb5 Rb8 17. Nexd4 dxc4 18. dxc4 Nf5 19. Rad1 Bxg2 20. Kxg2 Nxd4 21. Nxd4 Qc7 22. Qb4 Rbd8 23. Nb5 Qc6+ 24. f3 Rfe8 25. Rxd8 Rxd8 26. Rf2 Rd3 27. Qa4 Rd8 28. Qc2 f5 29. b3 Qc5 30. Re2 Qf8 31. Re6 Rd7 32. Qe2 Qf7 33. Nd6 Rxd6 34. Rxd6 h6 35. Qe6 Qxe6 36. Rxe6 Kf7 37. Rxb6 Bd4 38. Rb5 Kf6 39. Rd5 Bb2 40. a4 Ke6 41. a5 Be5 42. Rxe5+ Kxe5 43. a6 Kd6 44. a7 Kc7 45. a8=Q Kd6 46. Qd5+ Kc7 47. b4 Kb6 48. Qc5+ Kb7 49. b5 Kb8 50. Qe7 Ka8 51. b6 Kb8 52. Qc7+ Ka8 53. Qa7# 1-0

[Event "Winnipeg TNT September"]
[Site "Winnipeg CAN"]
[Date "2011.09.27"]
[Round "4"]
[White "De los Santos, Christopher"]
[Black "Melamedoff, Gustavo"]
[Result "1/2-1/2"]
[WhiteElo "1903"]
[BlackElo "2141"]
[PlyCount "105"]
[GameId "2160767909648846"]
[EventDate "2011.09.06"]
[EventType "swiss"]
[EventRounds "4"]
[EventCountry "CAN"]
[SourceTitle "EXT 2023"]
[Source "ChessBase"]
[SourceDate "2022.10.05"]
[SourceVersion "1"]
[SourceVersionDate "2022.10.05"]
[SourceQuality "1"]

1. d4 d5 2. c4 e6 3. Nc3 f5 4. Nf3 Nf6 5. Bg5 Be7 6. e3 c6 7. Rc1 O-O 8. a3 Ne4 9. Bxe7 Qxe7 10. Be2 Bd7 11. O-O Be8 12. Ne5 Nd7 13. Nxd7 Qxd7 14. f4 Nf6 15. b4 Qe7 16. Qb3 Bf7 17. c5 Bh5 18. Bxh5 Nxh5 19. g3 Rf6 20. Rc2 a6 21. Na4 Rg6 22. Rg2 Nf6 23. Nb2 Ng4 24. Rf3 h5 25. Nd3 h4 26. Ne5 Nxe5 27. dxe5 Rd8 28. Qc3 Kf7 29. Qd2 h3 30. Re2 Qd7 31. Qd4 Rg4 32. Kf1 Rg8 33. Rff2 g5 34. Rf3 Qd8 35. Ke1 gxf4 36. exf4 Qc7 37. a4 a5 38. Rb2 Rb8 39. Rfb3 Kg6 40. b5 cxb5 41. Rxb5 Kh6 42. Kf2 Rgg8 43. Rb6 Rge8 44. Qc3 Rbc8 45. R2b5 Re7 46. Qxa5 Qd8 47. Rd6 Qe8 48. Rbb6 Kg7 49. Qb5 Rcc7 50. a5 Kf7 51. a6 bxa6 52. Rxa6 Ra7 53. Qb6 1/2-1/2

[Event "Winnipeg TNT September"]
[Site "Winnipeg CAN"]
[Date "2011.09.27"]
[Round "4"]
[White "Kernetsky, Myron"]
[Black "Einarsson, Ken"]
[Result "1-0"]
[WhiteElo "2009"]
[BlackElo "1774"]
[PlyCount "93"]
[GameId "2160767909648848"]
[EventDate "2011.09.06"]
[EventType "swiss"]
[EventRounds "4"]
[EventCountry "CAN"]
[SourceTitle "EXT 2023"]
[Source "ChessBase"]
[SourceDate "2022.10.05"]
[SourceVersion "1"]
[SourceVersionDate "2022.10.05"]
[SourceQuality "1"]

1. d4 d5 2. Nf3 Nf6 3. c4 e6 4. Nc3 Be7 5. cxd5 exd5 6. Bg5 O-O 7. Qc2 Nc6 8. a3 Re8 9. e3 Bg4 10. Bd3 h6 11. Bf4 Bd6 12. Bxd6 Qxd6 13. O-O a5 14. Nh4 Ne7 15. Rae1 g5 16. Nf3 Bxf3 17. gxf3 Qe6 18. Kg2 Nh5 19. Rg1 Ng6 20. Bxg6 fxg6 21. Kh1 Qf7 22. f4 Re6 23. Qd1 Qf5 24. fxg5 hxg5 25. Rg2 Rf8 26. Reg1 Qh3 27. Nxd5 c6 28. Nc3 Rf3 29. Ne2 Ref6 30. Qe1 Qh4 31. Rxg5 Rxf2 32. R5g2 Qe4 33. Nc3 Qxg2+ 34. Rxg2 Rf1+ 35. Rg1 Rxe1 36. Rxe1 Rf2 37. Re2 Rxe2 38. Nxe2 Kf7 39. Kg2 Ke6 40. e4 g5 41. Kf3 Nf6 42. Nc3 Kf7 43. e5 Nd5 44. Nxd5 cxd5 45. Kg4 Kg6 46. b4 b5 47. h3 1-0

[Event "Winnipeg TNT September"]
[Site "Winnipeg CAN"]
[Date "2011.09.27"]
[Round "4"]
[White "Le Dorze, Philippe"]
[Black "Baron, Cody"]
[Result "1-0"]
[WhiteElo "1627"]
[BlackElo "1365"]
[PlyCount "63"]
[GameId "2160767909648849"]
[EventDate "2011.09.06"]
[EventType "swiss"]
[EventRounds "4"]
[EventCountry "CAN"]
[SourceTitle "EXT 2023"]
[Source "ChessBase"]
[SourceDate "2022.10.05"]
[SourceVersion "1"]
[SourceVersionDate "2022.10.05"]
[SourceQuality "1"]

1. c4 e5 2. g3 Nc6 3. Bg2 Nf6 4. Nc3 Bb4 5. a3 Bxc3 6. bxc3 d5 7. cxd5 Nxd5 8. c4 Nde7 9. Bb2 b6 10. Bxe5 Nxe5 11. Bxa8 c6 12. Qa4 Qd4 13. Rc1 a6 14. f4 b5 15. Qb3 Nxc4 16. Nf3 Qd5 17. d3 Ne3 18. Qxd5 N3xd5 19. Bxc6+ Nxc6 20. Rxc6 O-O 21. Kd2 g6 22. Rhc1 Bb7 23. R6c5 Kg7 24. e4 Nb6 25. Rc7 Rb8 26. Ne5 Na4 27. Rxf7+ Kg8 28. Rcc7 Bc8 29. Rg7+ Kf8 30. Rxh7 Kg8 31. Rhg7+ Kh8 32. Nxg6# 1-0

[Event "Winnipeg TNT September"]
[Site "Winnipeg CAN"]
[Date "2011.09.27"]
[Round "4"]
[White "Milward, Dave"]
[Black "Leaden, Bruce"]
[Result "1-0"]
[WhiteElo "1737"]
[BlackElo "1480"]
[PlyCount "51"]
[GameId "2160767909648851"]
[EventDate "2011.09.06"]
[EventType "swiss"]
[EventRounds "4"]
[EventCountry "CAN"]
[SourceTitle "EXT 2023"]
[Source "ChessBase"]
[SourceDate "2022.10.05"]
[SourceVersion "1"]
[SourceVersionDate "2022.10.05"]
[SourceQuality "1"]

1. e4 c5 2. Nf3 g6 3. d4 cxd4 4. Nxd4 Nc6 5. c4 Bg7 6. Be3 Nf6 7. f3 O-O 8. Nc3 d6 9. Qd2 Re8 10. O-O-O Be6 11. g4 Ne5 12. Nd5 Bxd5 13. cxd5 Rc8+ 14. Kb1 Nc4 15. Bxc4 Rxc4 16. h4 h5 17. gxh5 Nxh5 18. Rhg1 Bxd4 19. Bxd4 e5 20. dxe6 Rxe6 21. Qh6 Rxd4 22. Rxd4 Qxh4 23. Rdd1 Qh3 24. Rc1 Rf6 25. Rh1 Qe6 26. Rcg1 1-0

[Event "Winnipeg TNT September"]
[Site "Winnipeg CAN"]
[Date "2011.09.27"]
[Round "4"]
[White "Mundwiler, Les"]
[Black "Boron, Anthony"]
[Result "1-0"]
[WhiteElo "2064"]
[BlackElo "2000"]
[PlyCount "75"]
[GameId "2160767909648852"]
[EventDate "2011.09.06"]
[EventType "swiss"]
[EventRounds "4"]
[EventCountry "CAN"]
[SourceTitle "EXT 2023"]
[Source "ChessBase"]
[SourceDate "2022.10.05"]
[SourceVersion "1"]
[SourceVersionDate "2022.10.05"]
[SourceQuality "1"]

1. d4 d5 2. c4 e6 3. a3 Nf6 4. Nf3 c6 5. Qc2 Be7 6. g3 dxc4 7. Qxc4 Nbd7 8. Bg2 O-O 9. O-O h6 10. Nc3 Nb6 11. Qb3 Nbd5 12. Ne5 Bd6 13. Nc4 Bc7 14. e4 Nb6 15. Rd1 Nxc4 16. Qxc4 Qe7 17. h3 Nd7 18. Be3 f5 19. exf5 Nb6 20. Qd3 exf5 21. Re1 Qf6 22. d5 f4 23. Bd4 Bf5 24. Qd1 Qg6 25. g4 Bc2 26. Qf3 h5 27. Re7 hxg4 28. hxg4 Rf7 29. Rae1 Bb3 30. R1e6 Qg5 31. Rxf7 Kxf7 32. Qe2 Bc4 33. Bf6 gxf6 34. Re7+ Kf8 35. Qe6 Qg6 36. Be4 Qxg4+ 37. Qxg4 Kxe7 38. Qe6+ 1-0

[Event "Winnipeg TNT September"]
[Site "Winnipeg CAN"]
[Date "2011.09.27"]
[Round "4"]
[White "Pottinger, Carl"]
[Black "Green, Jim"]
[Result "1/2-1/2"]
[WhiteElo "1916"]
[BlackElo "1813"]
[PlyCount "115"]
[GameId "2160767909648853"]
[EventDate "2011.09.06"]
[EventType "swiss"]
[EventRounds "4"]
[EventCountry "CAN"]
[SourceTitle "EXT 2023"]
[Source "ChessBase"]
[SourceDate "2022.10.05"]
[SourceVersion "1"]
[SourceVersionDate "2022.10.05"]
[SourceQuality "1"]

1. c4 c6 2. Nf3 Nf6 3. g3 g6 4. Bg2 Bg7 5. O-O O-O 6. d4 d5 7. cxd5 cxd5 8. Nc3 Nc6 9. Ne5 e6 10. Nxc6 bxc6 11. Bg5 h6 12. Bxf6 Bxf6 13. Qd2 Bg7 14. Rac1 Qb6 15. e3 Rd8 16. f4 Bd7 17. Na4 Qb5 18. b3 Rab8 19. Rc2 Bf8 20. Nc5 Bxc5 21. Rxc5 Qb6 22. Rfc1 h5 23. Bf1 Kg7 24. Qa5 Qxa5 25. Rxa5 Rb7 26. Rcc5 Kf6 27. Ra3 Ke7 28. Kf2 f6 29. Rca5 Ra8 30. Bd3 f5 31. Ke2 Kd6 32. h4 Be8 33. Kd2 Bd7 34. Kc3 Be8 35. b4 Bd7 36. Rb3 Rc7 37. a4 Rb8 38. Kb2 Rcb7 39. Ka3 Be8 40. Ra6 Ke7 41. Ra5 Kd6 42. Rc5 Bd7 43. Ra5 Be8 44. b5 cxb5 45. axb5 Ke7 46. Kb2 Rc8 47. Rba3 Rcc7 48. Rc3 Bd7 49. Rc5 Rc8 50. Ka3 Rcb8 51. Kb4 Kd8 52. Ra2 Ke7 53. Ka5 Kd8 54. Rac2 Be8 55. Rb2 Bd7 56. Rc3 Rb6 57. Rcb3 Be8 58. Rb4 1/2-1/2

[Event "Winnipeg TNT September"]
[Site "Winnipeg CAN"]
[Date "2011.09.27"]
[Round "4"]
[White "Reimer, Bruce"]
[Black "Rutter, Blair"]
[Result "0-1"]
[WhiteElo "1617"]
[BlackElo "1873"]
[PlyCount "82"]
[GameId "2160767909648854"]
[EventDate "2011.09.06"]
[EventType "swiss"]
[EventRounds "4"]
[EventCountry "CAN"]
[SourceTitle "EXT 2023"]
[Source "ChessBase"]
[SourceDate "2022.10.05"]
[SourceVersion "1"]
[SourceVersionDate "2022.10.05"]
[SourceQuality "1"]

1. c4 e5 2. g3 Nc6 3. Bg2 g6 4. Nc3 Bg7 5. e4 Nge7 6. Nge2 O-O 7. O-O d6 8. d3 Be6 9. Be3 a6 10. Qd2 Rb8 11. a4 Qd7 12. Nd5 f5 13. Bh6 b5 14. Qg5 bxc4 15. dxc4 Bxd5 16. cxd5 Na5 17. Rab1 Nb3 18. Bxg7 Kxg7 19. Bh3 h6 20. Qe3 Qxa4 21. exf5 gxf5 22. Bg2 Qb4 23. Nf4 Kh7 24. Ne6 Rfc8 25. Qf3 Qg4 26. Qd3 Rb5 27. h3 Qg6 28. Rfe1 Qf6 29. Re3 c5 30. Qc2 Nd4 31. Qc4 Nxe6 32. dxe6 Rcb8 33. Rd3 R8b6 34. b3 Rb4 35. Qc3 Qxe6 36. Qd2 e4 37. Re1 Rxb3 38. Rxb3 Qxb3 39. f3 d5 40. fxe4 dxe4 41. Qd7 Qe6 0-1

[Event "Winnipeg TNT September"]
[Site "Winnipeg CAN"]
[Date "2011.09.27"]
[Round "4"]
[White "Trueman, Francis"]
[Black "Wasserman, Leor"]
[Result "0-1"]
[WhiteElo "1495"]
[BlackElo "1829"]
[PlyCount "92"]
[GameId "2160767909648855"]
[EventDate "2011.09.06"]
[EventType "swiss"]
[EventRounds "4"]
[EventCountry "CAN"]
[SourceTitle "EXT 2023"]
[Source "ChessBase"]
[SourceDate "2022.10.05"]
[SourceVersion "1"]
[SourceVersionDate "2022.10.05"]
[SourceQuality "1"]

1. Nf3 Nc6 2. d3 d5 3. Nbd2 Nf6 4. g3 e5 5. e4 Bg4 6. Bg2 dxe4 7. dxe4 Bb4 8. c3 Bc5 9. O-O O-O 10. Re1 Qd7 11. Qe2 Rad8 12. Nf1 Qd3 13. h3 Bxf3 14. Qxf3 Qc2 15. Re2 Qd1 16. Kh2 Rd3 17. Ne3 Bxe3 18. fxe3 Qa4 19. b3 Qa5 20. a4 Qxc3 21. Rb2 Nd4 22. Qf2 Nxb3 23. Rab1 Nxc1 24. Rc2 Qa3 25. Rbxc1 Qxa4 26. Rxc7 Nxe4 27. Qf5 Rd2 28. R1c4 Qxc4 29. Rxc4 Nd6 30. Qg4 f5 31. Qf3 Nxc4 32. Qxb7 Kh8 33. Qb4 Rc8 34. h4 e4 35. Qb7 Nd6 36. Qb4 Nc4 37. Qb7 Rcd8 38. Qb3 Ne5 39. Kh3 Ng4 40. Qe6 Nxe3 41. Bh1 Nd1 42. Bg2 e3 43. h5 R2d6 44. Qe5 Nf2+ 45. Kh4 h6 46. Qxf5 Rd4+ 0-1

[Event "Winter op"]
[Site "Kitchener CAN"]
[Date "2011.03.12"]
[Round "1"]
[White "Guo, Joshua"]
[Black "Becker, Paul"]
[Result "1-0"]
[WhiteElo "2088"]
[BlackElo "2003"]
[PlyCount "43"]
[GameId "2160767909787467"]
[EventDate "2011.03.12"]
[EventType "swiss"]
[EventRounds "5"]
[EventCountry "CAN"]

1. e4 e6 2. d4 d5 3. Nd2 Be7 4. e5 c5 5. c3 a5 6. Ngf3 b6 7. Qa4+ Nd7 8. Bb5 Nh6 9. O-O O-O 10. c4 dxc4 11. Ne4 Qc7 12. Bxh6 gxh6 13. Rac1 Rd8 14. Rxc4 Bb7 15. dxc5 Nxc5 16. Nxc5 bxc5 17. Rg4+ Kh8 18. Qf4 h5 19. Qxf7 Rg8 20. Bd3 Bd6 21. Qf6+ Rg7 22. exd6 1-0

[Event "Winter op"]
[Site "Kitchener CAN"]
[Date "2011.03.12"]
[Round "1"]
[White "Wang, Jesse BJ"]
[Black "Raheb, David"]
[Result "1/2-1/2"]
[WhiteElo "2000"]
[BlackElo "2244"]
[PlyCount "52"]
[GameId "2160767909787468"]
[EventDate "2011.03.12"]
[EventType "swiss"]
[EventRounds "5"]
[EventCountry "CAN"]

1. e4 c5 2. Nc3 a6 3. Nge2 d6 4. g3 Nc6 5. Bg2 g6 6. d3 Bg7 7. h3 e6 8. Be3 Nd4 9. Bc1 Ne7 10. Nxd4 cxd4 11. Ne2 Bd7 12. c3 dxc3 13. bxc3 Rc8 14. O-O O-O 15. Rb1 Bc6 16. Be3 d5 17. Nd4 dxe4 18. dxe4 b5 19. a4 bxa4 20. Nxc6 Rxc6 21. Qxa4 Qc8 22. Qa3 Re8 23. Rfc1 Bxc3 24. Bf1 Qc7 25. Rb3 Be5 26. Rxc6 Nxc6 1/2-1/2

[Event "Winter op"]
[Site "Kitchener CAN"]
[Date "2011.03.12"]
[Round "3"]
[White "Guo, Joshua"]
[Black "Lacau Rodean, Iulia"]
[Result "1-0"]
[WhiteElo "2088"]
[BlackElo "2068"]
[PlyCount "107"]
[GameId "2160767909787471"]
[EventDate "2011.03.12"]
[EventType "swiss"]
[EventRounds "5"]
[EventCountry "CAN"]

1. e4 c5 2. c3 d5 3. exd5 Qxd5 4. d4 cxd4 5. cxd4 Nf6 6. Nc3 Qd8 7. Nf3 e6 8. Bd3 Be7 9. O-O O-O 10. Be3 Nbd7 11. Rc1 Nb6 12. Ne5 Nbd5 13. Qf3 Bd6 14. Bg5 Be7 15. Rfd1 h6 16. Bh4 Nxc3 17. bxc3 Nd7 18. Nxd7 Qxd7 19. Bxe7 Qxe7 20. Qe4 g6 21. h4 Qf6 22. Re1 Qf5 23. Qe3 Qh5 24. g3 Kg7 25. Rb1 Qa5 26. Rb5 Qxa2 27. h5 Bd7 28. Rxb7 Bc6 29. Qe5+ Kg8 30. Rc7 Qd5 31. Qxd5 Bxd5 32. c4 Bf3 33. hxg6 Bg4 34. Be4 Rac8 35. gxf7+ Kg7 36. Rxc8 Rxc8 37. f3 Bh5 38. c5 Bxf7 39. Ra1 Be8 40. Kf2 Kf6 41. Ke3 Bc6 42. Ra6 Bb5 43. Ra5 a6 44. Bd3 Bxd3 45. Kxd3 Rc6 46. Ke4 Ke7 47. Ke5 Kd7 48. Ra1 Kc7 49. Rh1 a5 50. Rxh6 a4 51. Rh7+ Kb8 52. Rh2 a3 53. Ra2 Ra6 54. g4 1-0

[Event "Winter op"]
[Site "Kitchener CAN"]
[Date "2011.03.13"]
[Round "5"]
[White "Lacau Rodean, Iulia"]
[Black "Wang, Jesse BJ"]
[Result "1/2-1/2"]
[WhiteElo "2068"]
[BlackElo "2000"]
[PlyCount "64"]
[GameId "2160767909787472"]
[EventDate "2011.03.12"]
[EventType "swiss"]
[EventRounds "5"]
[EventCountry "CAN"]

1. e4 d5 2. exd5 Nf6 3. Nc3 Nxd5 4. Nxd5 Qxd5 5. Nf3 c6 6. Be2 Nd7 7. O-O Nf6 8. c4 Qd8 9. d4 e6 10. Bg5 Be7 11. Qc2 h6 12. Bf4 O-O 13. Rfd1 Bd6 14. Bxd6 Qxd6 15. c5 Qc7 16. Ne5 Nd5 17. a3 Nf4 18. Bf3 f6 19. Nc4 b6 20. b4 Nd5 21. Rac1 Bd7 22. Ne3 Nxe3 23. fxe3 b5 24. e4 f5 25. exf5 Rxf5 26. Re1 Raf8 27. Re4 Rg5 28. Bg4 e5 29. Qb3+ Kh8 30. Bxd7 Qxd7 31. Qe3 exd4 32. Qxd4 Rd5 1/2-1/2